[Event "Minsk op"]
[Site "Minsk"]
[Date "1996.??.??"]
[Round "3"]
[White "Kulaga, Yurij"]
[Black "Gleizerov, Evgeny"]
[Result "0-1"]
[WhiteElo "2415"]
[BlackElo "2540"]
[PlyCount "122"]
[EventDate "1996.??.??"]
[EventType "swiss"]
[EventRounds "9"]
[EventCountry "BLR"]
[SourceTitle "EXT 2000"]
[Source "ChessBase"]
[SourceDate "1999.11.16"]
[SourceVersion "1"]
[SourceVersionDate "1999.11.16"]
[SourceQuality "1"]

1. e4 e6 2. d3 d5 3. Nd2 g6 4. g3 Bg7 5. Bg2 Ne7 6. Ne2 0-0 7. 0-0 c5 8. f4 Nbc6 9. g4 f5 10. gxf5 exf5 11. e5 d4 12. Nf3 Kh8 13. h4 Be6 14. Ng3 Bh6 15. a3 Nd5 16. Ng5 Bxg5 17. hxg5 Rc8 18. Rf3 Nc7 19. Nf1 Bd5 20. Rh3 Ne6 21. Bd2 Bxg2 22. Kxg2 Qd5+ 23. Qf3 Ne7 24. b3 a6 25. a4 b6 26. Kg3 Ra8 27. Rh1 b5 28. Nh2 Rfc8 29. Rhb1 Qxf3+ 30. Nxf3 Nd5 31. Ra3 Nb6 32. axb5 axb5 33. Rba1 Rxa3 34. Rxa3 Ra8 35. Rxa8+ Nxa8 36. Ng1 Nb6 37. Ne2 Kg7 38. Kf3 Kf7 39. Be1 Ke7 40. Bd2 Kd7 41. Ba5 Nd5 42. Bd2 Kc6 43. Be1 Ne3 44. c4 b4 45. Nc1 Nc2 46. Bf2 Na1 47. Bg3 Nd8 48. Ke2 Nb7 49. Kd2 Kd7 50. Kd1 Ke6 51. Be1 Nd8 52. Bf2 Nc6 53. Be1 Na5 54. Bf2 N1xb3 55. Nxb3 Nxb3 56. Kc2 Na5 57. Bg3 Kd7 58. Be1 Nc6 59. Bg3 Nd8 60. Kb3 Ne6 61. Ka4 Ke7 0-1